Statistics for Animals that Start with R

Click here to take the quiz!

General Stats

  • This quiz has been taken 54,668 times
  • The average score is 12 of 15

Answer Stats

Clue Animal % Correct
Animal that pulls Santa's sleighReindeer
98%
BunnyRabbit
98%
Male chickenRooster
97%
Plague-spreading animalRat
96%
Huge, endangered horned animalRhinoceros
88%
Order of mammals that includes
mice and squirrels
Rodent
86%
"Masked", dumpster-raiding mammal
of North America
Raccoon
86%
Male sheepRam
84%
Common venomous snake of the Americas{Rattle}snake
83%
Bird pursued by Wile E. CoyoteRoadrunner
82%
Larger relative of crowsRaven
81%
Cold-blooded class of vertebrates that
includes lizards and turtles
Reptile
80%
Red-breasted harbinger of springRobin
74%
Generic term for bird of preyRaptor
47%
Large flightless bird of South AmericaRhea
26%

Score Distribution

Percentile by Number Answered

Percent of People with Each Score

Your Score History

You have not taken this quiz